000 00952nam a2200289 i 4500
003 EG-ScBUE
005 20230212053527.0
008 220731s2022 ua f 000 0 ara d
017 _a2022 / 13352
020 _a9789770937570
040 _aEG-ScBUE
_bara
_erda
_cEG-ScBUE
_dEG-ScBUE
082 0 4 _222
_a306.87
_bط هـ م
100 1 _a‪طه، محمد،
_d1967-
_eمؤلف.
245 1 0 _a‪علاقات خطرة /
_c‪محمد طه.
250 _aالطبعة الثالثة.
264 1 _aالقاهرة :
_bدار الشروق،
_c2022.
300 _a233 صفحة ؛
_c22 سم
336 _2rdacontent
_aنص
_btxt
337 _2rdamedia
_aبدون وسيط
_bn
338 _2rdacarrier
_aمجلد
_bnc
541 _aBook Fair 2023.
650 7 _a‪العلاقات الإنسانية.
_2BUEsh
650 7 _a‪علم النفس الإنساني.
_2BUEsh
653 _bHHUUPPSS
_cFebruary2023
655 _vReading book
942 _2ddc
999 _c30125
_d30096